=LDR 00000nam 2200000 4500 =001 INLIS000000000051733 =005 20200629112226 =035 ##$$a 0010-1117000005 =007 ta =008 200629################g##########0#ind## =020 ##$$a 979-8736-27-3 =082 ##$$a 2x0 =084 ##$$a 2x0 Qut b =100 1#$$a Qutb, Sayyid =245 1#$$a Beberapa Studi tentang Islam /$c Sayyid Qutb =260 ##$$a Jakarta :$b Media Da'wah,$c 2001 =300 ##$$a xii, 276 hlm ; $c 13 x 20 cm =250 ##$$a cet. 6 =990 ##$$a 170.269/Pb.2202 =990 ##$$a 1200200850 =990 ##$$a 170.296/Pb.2002 =990 ##$$a 1200200850